000
00335 a2200157 4500
001
171385
020
_a
040
_c
Magnum
100
_a
Galdino, Luiz
240
1
0
_a
Historia de fora de moda
_l
por
245
1
0
_a
Historia de fora de moda
362
0
_a
1899
440
1
_a
Do Brasil
697
_a
IJ/FADAS, FANTASIA
942
_c
BK
999
_c
171385
_d
171385